| 000 | 00493nam a2200205Ia 4500 | ||
|---|---|---|---|
| 003 | 0100 | ||
| 008 | 130227s9999 xx 000 0 und d | ||
| 040 | _cARRUPELIB | ||
| 050 | _aDT33.F314 2006 | ||
| 100 | _aFanon, Frantz | ||
| 245 | 4 | _aThe fanon reader | |
| 260 | _aLondon | ||
| 260 | _bPluto Press | ||
| 260 | _C2006 | ||
| 300 | _axxv | ||
| 300 | _b 206p. 22cm. | ||
| 650 | _bJesuits--Education 9Secondary)--England--History | ||
| 700 | _aHaddour, Azzedine ed. | ||
| 942 |
_2lcc _03 |
||
| 999 |
_c3937 _d3937 |
||